Trabajos prácticos en organización y desarrollo de la comunidad

Furkejuvvon:
Bibliográfalaš dieđut
Váldodahkki: Ware, Caroline F (Dahkki)
Materiálatiipa: Girji
Giella:espánnjágiella
Almmustuhtton: Washington, D.C Unión Panamericana 1960
Fáttát:
Fáddágilkorat: Lasit fáddágilkoriid
Eai fáddágilkorat, Lasit vuosttaš fáddágilkora!

MARC

LEADER 00000nam a2200000 a 4500
001 UCQ2067
003 CL-VaPUC
008 980721e19600000US |||||||||||||||||spa|d
082 0 4 |a 361.8  |b WAR  |2 21 
100 0 |a Ware, Caroline F  |e author  |9 415944 
245 1 0 |a Trabajos prácticos en organización y desarrollo de la comunidad 
300 |a 97 p 
942 |c BK 
945 |d 19980721 00:00:00  |a crobeson 
260 |a Washington, D.C  |b Unión Panamericana  |c 1960 
650 0 |a Comunidad  |9 308730 
650 7 |a PLANIFICACION SOCIAL  |2 CL-VaPUC  |9 348452 
650 0 |a Planificación del desarrollo  |9 326796 
650 7 |a PROGRESO SOCIAL  |2 CL-VaPUC  |9 338935 
650 0 |a Política social  |9 257588 
583 |a last modification  |c 19980721 00:00:00  |k Rodrigo Vera 
999 |c 272909  |d 272907 
952 |0 0  |1 0  |4 0  |6 361_800000000000000_WAR_1960  |7 0  |8 A  |9 308123  |a BIBGIM  |b BIBGIM  |d 2019-11-20  |i 1435620  |o 361.8 WAR 1960  |p 1435620  |r 2025-01-15  |w 2019-11-20  |y BK  |k SSL 
952 |0 0  |1 0  |4 0  |6 361_800000000000000_WAR_1960  |7 0  |8 A  |9 308124  |a BIBGIM  |b BIBGIM  |d 2019-11-20  |i 1435639  |o 361.8 WAR 1960  |p 1435639  |r 2025-01-15  |w 2019-11-20  |y BK  |k SSL 
952 |0 0  |1 0  |4 0  |6 361_800000000000000_WAR_1960  |7 0  |8 A  |9 308125  |a BIBGIM  |b BIBGIM  |d 2019-11-20  |i 1435647  |o 361.8 WAR 1960  |p 1435647  |r 2025-01-15  |w 2019-11-20  |y BK  |k SSL